000 01383nam a2200325 i 4500
003 EG-GICUC
005 20260504184312.0
008 260504s2002 ua ||||f |||| 00| 0bara d
040 _a EG-GICUC
_bara
_c EG-GICUC
_d EG-GICUC
_erda
041 0 _aara
082 0 4 _221
_a342.4113
_bج و . م
092 0 4 _221
099 _aLaw1 07 342.4113 6 ed - 2002 ج و . م 0805331 C1
100 0 _aجورجى شفيق سارى
_eمؤلف.
245 1 0 _aمسئولية الدولة عن أعمال سلطاتها :
_bقضايا التعويض : دراسة مقارنة لأحدث القواعد والنظريات في نصوص التشريع وأحكام القضاء وآراء الفقهاء فى فرنسا ومصرت /
_cدكتور جورجى شفيق سارى .
250 _aالطبعة السادسة
264 _aالقاهرة :
_bدار النهضة العربية،
_c2002.
300 _a469 صفحة ؛
_c24 سم.
336 _2rda content
_atext
337 _2rda media
_aComputer
338 _2rda carrier
_aOnline Resource
504 _aيشتمل على إرجاعات ببليوجرافية.
546 _aالنص باللغة العربية
650 1 4 _aسلطة الدولة
650 1 4 _aالقانون الدستوري
651 1 _2qrmak
856 4 0 _uhttps://fll.law.cu.edu.eg/fulltext/bks/B08-05331.pdf
905 _a164
942 _2ddc
_cBK
_e21
_n0
999 _c75538
_d75538